[Event "European Blitz 2015"]
[Site "Minsk BLR"]
[Date "2015.12.18"]
[Round "15.39"]
[White "Karpov, Vadim"]
[Black "Dubrovin, Robert"]
[Result "1-0"]
[WhiteTitle "IM"]
[WhiteElo "2377"]
[BlackElo "2223"]
[WhiteFideId "4155025"]
[BlackFideId "4501829"]
[EventDate "2015.12.18"]
[EventType "swiss (blitz)"]

1. e4 e5 2. Nf3 Nc6 3. Bc4 Bc5 4. c3 Nf6 5. d4 exd4 6. cxd4 Bb4+ 7. Bd2 Bxd2+ 8.
Nbxd2 d5 9. exd5 Nxd5 10. O-O O-O 11. Rc1 Bg4 12. h3 Bh5 13. Bxd5 Qxd5 14. Rc5
Bxf3 15. Nxf3 Qd6 16. Qc1 Rac8 17. Rd1 Rfe8 18. Qc4 h6 19. Rc1 Re4 20. Qc2 Qe7
21. d5 Nb4 22. Qb3 b6 23. R5c3 Qd7 24. Rd1 Na6 25. Qc2 Ree8 26. a3 Nc5 27. b4
Ne4 28. Rc6 Nf6 29. Qc4 Re4 30. Qc2 Ree8 31. Qc4 Re4 32. Qc2 Ree8 33. b5 Nxd5
34. Qc4 Red8 35. Ne5 Qf5 36. Rxd5 Rxd5 37. Qxd5 Re8 38. Qxf7+ Qxf7 39. Nxf7 Kxf7
40. Rxc7+ Kf6 41. Rxa7 Re5 42. a4 Re1+ 43. Kh2 Ra1 44. Ra6 Kf5 45. Kg3 g5 46.
Rxb6 Rxa4 47. Rxh6 Ra3+ 48. f3 Rb3 49. b6 Rb4 50. Rc6 Rb5 51. h4 gxh4+ 52. Kxh4
Rb2 53. Kg3 Rb4 54. Kh3 Rb1 55. g4+ Kf4 56. Rf6+ Kg5 57. Rf5+ Kg6 58. Kg3 Rxb6
59. Ra5 Rc6 60. f4 Rc3+ 61. Kh4 Rc6 62. Rg5+ Kh6 63. Rh5+ Kg6 64. f5+ Kf6 65.
Rh6+ 1-0

[Event "European Blitz 2015"]
[Site "Minsk BLR"]
[Date "2015.12.18"]
[Round "15.40"]
[White "Kanter, Eduard"]
[Black "Kuzin, Anton"]
[Result "0-1"]
[WhiteTitle "IM"]
[BlackTitle "IM"]
[WhiteElo "2353"]
[BlackElo "2409"]
[WhiteFideId "4103963"]
[BlackFideId "4148410"]
[EventDate "2015.12.18"]
[EventType "swiss (blitz)"]

1. d4 f5 2. g3 Nf6 3. Bg2 e6 4. Nf3 Be7 5. O-O d5 6. c4 c6 7. Nc3 O-O 8. Qc2 Bd7
9. Rb1 Be8 10. Qb3 Qb6 11. c5 Qxb3 12. axb3 Nbd7 13. b4 Ne4 14. Ra1 a6 15. Nxe4
fxe4 16. Ng5 Rf6 17. f3 h6 18. Nh3 exf3 19. exf3 Bg6 20. f4 Rf7 21. Nf2 Bf6 22.
Be3 Re8 23. Bh3 Bf5 24. Ng4 h5 25. Nxf6+ Nxf6 26. Bg2 Be4 27. Bh3 Bf5 28. Bg2
Ng4 29. Bd2 Nf6 30. Rfe1 Kf8 31. Bc3 Be4 32. Bh3 Bf5 33. Bg2 g6 34. Re2 Bd3 35.
Re3 Be4 36. Bh3 Ng4 37. Ree1 Ke7 38. Bxg4 hxg4 39. Rf1 Rh8 40. Rf2 Rfh7 41. Re2
Rh3 42. Be1 Kf6 43. Bf2 Rxh2 44. Kf1 Rh1+ 45. Bg1 Kf5 46. Rc1 Bd3 47. Re1 Bxe2+
48. Rxe2 Kf6 49. Rf2 R1h3 50. Kg2 R3h5 51. Re2 Rf5 52. Be3 Rfh5 53. Bg1 Rf5 54.
Be3 Rh7 55. Re1 Rfh5 56. Bg1 g5 57. Rf1 gxf4 58. Rxf4+ Rf5 59. Rxg4 Rg7 60. Rh4
Rfg5 61. Bf2 Rg4 62. Rh6+ Kf7 63. Rh8 Re4 64. Kf3 Kg6 65. Rh1 Rf7+ 66. Kg2 Re2
67. Rf1 Rxb2 68. Kg1 Rxb4 69. Re1 Rf6 70. g4 Rb2 71. Bh4 Rf4 72. Rxe6+ Kf7 73.
Re7+ Kf8 74. Rh7 Rxg4+ 75. Kh1 Rxd4 76. Be7+ Kg8 0-1

[Event "European Blitz 2015"]
[Site "Minsk BLR"]
[Date "2015.12.18"]
[Round "15.41"]
[White "Przybylski, Wojciech"]
[Black "Kochetkov, Vitali"]
[Result "1/2-1/2"]
[WhiteTitle "FM"]
[WhiteElo "2337"]
[BlackElo "2266"]
[WhiteFideId "1117599"]
[BlackFideId "13502735"]
[EventDate "2015.12.18"]
[EventType "swiss (blitz)"]

1. e4 c5 2. Nf3 Nc6 3. Bb5 g6 4. O-O Bg7 5. c3 e5 6. d3 Nge7 7. Nbd2 O-O 8. Re1
a6 9. Bxc6 Nxc6 10. Nc4 d6 11. Ne3 Be6 12. Bd2 h6 13. Qe2 f5 14. Nd5 f4 15. h3
g5 16. Nh2 Ne7 17. c4 Nxd5 18. cxd5 Bd7 19. b4 b6 20. Rab1 Qe8 21. bxc5 bxc5 22.
Rb6 Qe7 23. Reb1 Bb5 24. Rb3 Qd7 25. a4 Bxa4 26. Rb7 Qe8 27. R3b6 Rf6 28. Bc3
Bf8 29. Qb2 Bb5 30. Ng4 Rg6 31. Qd2 h5 32. Nh2 Rg7 33. Rxg7+ Kxg7 34. Nf3 Qe7
35. h4 g4 36. Ng5 Bd7 37. Qxf4 Qf6 38. Qd2 Be7 39. Rb7 Bc8 40. Rc7 Rb8 41. g3
Kg6 42. Qc1 Qf8 43. Rc6 Bd7 44. Rxa6 Bb5 45. Ra7 Bxd3 46. Kg2 Rb1 47. Qe3 Bf1+
48. Kh2 Rb3 49. Qd2 Rxc3 50. Kg1 Rb3 51. Kxf1 Rxg3 52. Ne6 Qf3 53. Rxe7 Qh1+ 54.
Ke2 Qxe4+ 55. Kf1 Qh1+ 56. Ke2 Qe4+ 57. Kf1 Qg2+ 58. Ke2 Qf3+ 59. Kf1 Qh1+ 1/2-1/2

[Event "European Blitz 2015"]
[Site "Minsk BLR"]
[Date "2015.12.18"]
[Round "15.42"]
[White "Sudakova, Irina"]
[Black "Matinian, Nikita"]
[Result "0-1"]
[WhiteTitle "WGM"]
[BlackTitle "IM"]
[WhiteElo "2356"]
[BlackElo "2470"]
[WhiteFideId "4129903"]
[BlackFideId "24129100"]
[EventDate "2015.12.18"]
[EventType "swiss (blitz)"]

1. e4 c5 2. Ne2 Nc6 3. Nbc3 g6 4. g3 Bg7 5. Bg2 Rb8 6. d3 b5 7. Nd5 e6 8. Ne3
Nge7 9. O-O O-O 10. f4 d5 11. f5 exf5 12. exd5 Nd4 13. c3 Nxe2+ 14. Qxe2 Bb7 15.
c4 Nc8 16. Rb1 Nd6 17. b3 Re8 18. Qf3 bxc4 19. bxc4 Qa5 20. Bb2 Bxb2 21. Rxb2
Bxd5 22. Nxd5 Rxb2 23. Nf6+ Kg7 24. Nxe8+ Nxe8 25. Qd5 Nf6 26. Qe5 Qd2 0-1

[Event "European Blitz 2015"]
[Site "Minsk BLR"]
[Date "2015.12.18"]
[Round "15.43"]
[White "Filipets, Egor"]
[Black "Pankov, German"]
[Result "0-1"]
[BlackTitle "IM"]
[WhiteElo "2247"]
[BlackElo "2404"]
[WhiteFideId "13503928"]
[BlackFideId "4174569"]
[EventDate "2015.12.18"]
[EventType "swiss (blitz)"]

1. c4 c5 2. g3 Nc6 3. Bg2 g6 4. Nc3 Bg7 5. d3 e6 6. Nf3 Nge7 7. O-O O-O 8. a3 d5
9. Rb1 b6 10. Bd2 d4 11. Na2 a5 12. Qc2 a4 13. b4 axb3 14. Qxb3 Ra6 15. Nc1 Qc7
16. Ne1 Bd7 17. Nc2 Rb8 18. a4 Na5 19. Qa2 Nb7 20. Na3 Rxa4 21. Qb2 Nd6 22. Nb3
b5 23. cxb5 Nxb5 24. Nxb5 Rxb5 25. Qc2 Nd5 26. Bxd5 exd5 27. Rfc1 c4 28. Bf4 Qa7
29. dxc4 dxc4 30. Nd2 Rxb1 31. Rxb1 Bf6 32. Nxc4 Bf5 33. Rb8+ Qxb8 34. Qxa4 Qb1+
35. Kg2 Qe4+ 36. Kg1 Qxe2 37. Bh6 Qe1+ 38. Kg2 Be4+ 39. f3 Qe2+ 40. Kh3 Qf1+ 41.
Kg4 Qxf3+ 42. Kh3 Bf5# 0-1

[Event "European Blitz 2015"]
[Site "Minsk BLR"]
[Date "2015.12.18"]
[Round "15.44"]
[White "Potapov, Pavel"]
[Black "Egorov, Daniil"]
[Result "1-0"]
[WhiteTitle "IM"]
[WhiteElo "2476"]
[BlackElo "2089"]
[WhiteFideId "4169786"]
[BlackFideId "24171956"]
[EventDate "2015.12.18"]
[EventType "swiss (blitz)"]

1. e4 c5 2. c3 d5 3. exd5 Qxd5 4. d4 Nf6 5. Nf3 Bg4 6. Be2 e6 7. h3 Bh5 8. O-O
Nc6 9. Be3 cxd4 10. cxd4 Be7 11. Nc3 Qd6 12. Qb3 O-O 13. Rfd1 Rfd8 14. Rac1 a6
15. d5 Nxd5 16. Nxd5 exd5 17. Qxb7 Rac8 18. Qxa6 Nb4 19. Qxc8 Rxc8 20. Rxc8+ Bf8
21. Bc5 Qxc5 22. Rxc5 Bxc5 23. a3 Nc6 24. Rxd5 Bf8 1-0

[Event "European Blitz 2015"]
[Site "Minsk BLR"]
[Date "2015.12.18"]
[Round "15.45"]
[White "Savenkov, Konstantin"]
[Black "Demidov, Mikhail"]
[Result "0-1"]
[WhiteTitle "FM"]
[BlackTitle "IM"]
[WhiteElo "2325"]
[BlackElo "2485"]
[WhiteFideId "4138600"]
[BlackFideId "4197143"]
[EventDate "2015.12.18"]
[EventType "swiss (blitz)"]

1. e4 e6 2. d3 d5 3. Nd2 c5 4. Ngf3 Nc6 5. g3 g6 6. Bg2 Nf6 7. O-O Bg7 8. exd5
Nxd5 9. Nb3 b6 10. d4 Ba6 11. Re1 c4 12. Nbd2 c3 13. Ne4 cxb2 14. Bxb2 O-O 15.
Rc1 Na5 16. Ba3 Re8 17. Ne5 f6 18. c4 fxe5 19. cxd5 Nc4 20. Rxc4 Bxc4 21. Nd6
Bxd5 22. Bxd5 exd5 23. Nxe8 Qxe8 24. dxe5 Qe6 25. Qa4 h5 26. Bb2 Rc8 27. Qxa7
Rc2 28. Bd4 h4 29. a4 h3 30. Qxb6 Qg4 31. Qb3 Qe4 0-1

[Event "European Blitz 2015"]
[Site "Minsk BLR"]
[Date "2015.12.18"]
[Round "15.46"]
[White "Lojko, Alexej"]
[Black "Sivuk, Vitaly"]
[Result "0-1"]
[BlackTitle "GM"]
[WhiteElo "2214"]
[BlackElo "2552"]
[WhiteFideId "24146200"]
[BlackFideId "14116502"]
[EventDate "2015.12.18"]
[EventType "swiss (blitz)"]

1. d4 Nf6 2. c4 e6 3. a3 d5 4. Nc3 dxc4 5. e3 a6 6. Bxc4 b5 7. Ba2 Bb7 8. Nf3 c5
9. O-O Nbd7 10. Qe2 Bd6 11. dxc5 Nxc5 12. b4 Nce4 13. Bb2 O-O 14. Rfd1 Qe7 15.
Rac1 Rfd8 16. Nxe4 Bxe4 17. Ne5 Rac8 18. h3 h6 19. Ng4 Ne8 20. Bb1 Bxb1 21. Rxb1
Qg5 22. e4 Be7 23. Ne3 Nd6 24. Qf3 Qg6 25. e5 Ne4 26. Rxd8+ Rxd8 27. Rd1 Kh7 28.
Rd4 Rxd4 29. Bxd4 Bg5 30. Kh2 Nd2 31. Qe2 Bxe3 32. Bxe3 Nc4 33. Bf4 Qf5 34. Bc1
Qxe5+ 35. Qxe5 Nxe5 36. Bf4 0-1

[Event "European Blitz 2015"]
[Site "Minsk BLR"]
[Date "2015.12.18"]
[Round "15.47"]
[White "Shkapenko, Pavel"]
[Black "Molchanova, Tatjana"]
[Result "1-0"]
[WhiteTitle "IM"]
[BlackTitle "WGM"]
[WhiteElo "2407"]
[BlackElo "2245"]
[WhiteFideId "4151933"]
[BlackFideId "4132203"]
[EventDate "2015.12.18"]
[EventType "swiss (blitz)"]

1. e4 c6 2. d4 d5 3. e5 Bf5 4. h4 h6 5. g4 Bd7 6. h5 e6 7. c3 c5 8. Na3 Qb6 9.
Nc2 Nc6 10. Nf3 Nge7 11. dxc5 Qxc5 12. Ncd4 Nxd4 13. Qxd4 Nc6 14. Qxc5 Bxc5 15.
Bd3 Bb6 16. Bf4 f6 17. Bg3 O-O-O 18. O-O Bc7 19. Rfe1 f5 20. gxf5 exf5 21. e6
Be8 22. Bxf5 Kb8 23. e7 Rc8 24. Bxc8 Kxc8 25. Nd4 Nxd4 26. cxd4 Bxg3 27. fxg3
Bxh5 28. Re5 Be8 29. Rxd5 Bc6 30. Re5 Re8 31. Rf1 Kd7 32. Rf7 g5 33. Kf2 g4 34.
Ke3 Bf3 35. Rh7 1-0

[Event "European Blitz 2015"]
[Site "Minsk BLR"]
[Date "2015.12.18"]
[Round "15.48"]
[White "Bodnaruk, Anastasia"]
[Black "Antonov, Alexandr2"]
[Result "1-0"]
[WhiteTitle "IM"]
[WhiteElo "2456"]
[BlackElo "2098"]
[WhiteFideId "4181751"]
[BlackFideId "24124079"]
[EventDate "2015.12.18"]
[EventType "swiss (blitz)"]

1. e4 c5 2. Nf3 d6 3. d4 cxd4 4. Nxd4 Nf6 5. Nc3 Nc6 6. Bc4 Qb6 7. Nb3 e6 8. Bf4
Qb4 9. Qe2 Be7 10. Bb5 Bd7 11. a3 Nd4 12. axb4 Nxe2 13. Bxd7+ Kxd7 14. Kxe2 Rhc8
15. Rhd1 Rc4 16. Bxd6 Nxe4 17. Nxe4 Rxe4+ 18. Kf3 Rc4 19. Nc5+ Ke8 20. Bxe7 Kxe7
21. c3 b6 22. Ne4 f5 23. Nd6 Rc6 24. Nb5 a6 25. Nd4 Rc4 26. Re1 Kf7 27. Nxe6 h6
28. Nd4 g6 29. Re5 Ra7 30. Rae1 a5 31. bxa5 bxa5 32. Rd5 a4 33. Nb5 1-0

[Event "European Blitz 2015"]
[Site "Minsk BLR"]
[Date "2015.12.18"]
[Round "15.49"]
[White "Khoroshilov, Nikita"]
[Black "Ivanov, Alexander Al."]
[Result "1-0"]
[BlackTitle "GM"]
[WhiteElo "2294"]
[BlackElo "2397"]
[WhiteFideId "24145122"]
[BlackFideId "4126360"]
[EventDate "2015.12.18"]
[EventType "swiss (blitz)"]

1. Nf3 g6 2. g3 Bg7 3. Bg2 Nf6 4. O-O O-O 5. d3 d5 6. Nbd2 c6 7. e4 Bg4 8. Re1
dxe4 9. dxe4 Qc8 10. e5 Nd5 11. Qe2 Nd7 12. h3 Bf5 13. Nb3 N7b6 14. Nbd4 Bxh3
15. c4 Bxg2 16. Kxg2 Nc7 17. Rh1 Ne6 18. b3 Nxd4 19. Nxd4 Nd7 20. f4 c5 21. Nf3
Qc6 22. Bb2 f6 23. e6 Nb6 24. Rad1 Rad8 25. Kf2 Nc8 26. Kg2 Rd6 27. Rxd6 Nxd6
28. Re1 Rd8 29. Kh2 Nf5 30. g4 Nh6 31. Kg3 Qd6 32. Qe3 b6 33. Re2 Qd3 34. Qf2
Qd6 35. Rd2 Qc7 36. Qe3 f5 37. Bxg7 Kxg7 38. g5 Ng4 39. Qc3+ Kg8 40. Rd3 Rxd3
41. Qxd3 Qd6 42. Qe2 Kg7 43. Ne1 h6 44. gxh6+ Kxh6 45. Nf3 Qd4 46. Nxd4 cxd4 47.
Qg2 Kg7 48. Qd5 Kf6 49. Qxd4+ Kxe6 50. b4 Nf6 51. a4 1-0

[Event "European Blitz 2015"]
[Site "Minsk BLR"]
[Date "2015.12.18"]
[Round "16.3"]
[White "Zubov, Alexander"]
[Black "Grachev, Boris"]
[Result "1-0"]
[WhiteTitle "GM"]
[BlackTitle "GM"]
[WhiteElo "2601"]
[BlackElo "2652"]
[WhiteFideId "14109409"]
[BlackFideId "4129199"]
[EventDate "2015.12.18"]
[EventType "swiss (blitz)"]

1. e4 c5 2. Nf3 e6 3. g3 Nc6 4. Bg2 Nf6 5. Qe2 e5 6. c3 Be7 7. O-O O-O 8. a3 Re8
9. b4 d6 10. d3 h6 11. Nbd2 Be6 12. Bb2 Bf8 13. b5 Ne7 14. d4 Ng6 15. dxc5 dxc5
16. c4 Qc7 17. Nb1 Nd7 18. a4 Nb6 19. Nfd2 a5 20. Nc3 Rad8 21. Nd5 Bxd5 22. cxd5
Nc8 23. Nc4 b6 24. Rac1 Nd6 25. Ne3 Qe7 26. h4 Rc8 27. h5 Nh8 28. Bh3 Rcd8 29.
Nf5 Nxf5 30. Bxf5 Qg5 31. Rc3 Bd6 32. Bc1 Qe7 33. Kg2 f6 34. Qg4 Kf8 35. Be6 Nf7
36. Rf3 c4 37. Qg6 Rc8 38. Qh7 Rc7 39. Rd1 Qd8 40. Rd2 Rxe6 41. dxe6 Ng5 42.
Qh8+ Ke7 43. Qxg7+ Kxe6 44. Qg6 Nxf3 45. Kxf3 c3 46. Rd5 c2 47. Qxh6 Rc3+ 48.
Kg2 Qg8 49. Rxd6+ Kxd6 50. Qd2+ Ke7 51. Qxc3 Qa2 52. h6 Qxa4 53. f3 Qxb5 54.
Qxc2 Qd7 55. Qc4 Qd1 56. Ba3+ Ke8 57. Qc8+ Kf7 58. Qc7+ Kg6 59. Qg7+ Kh5 60. g4+ 1-0

[Event "European Blitz 2015"]
[Site "Minsk BLR"]
[Date "2015.12.18"]
[Round "16.8"]
[White "Ponkratov, Pavel"]
[Black "Dzhumagaliev, Yan"]
[Result "1-0"]
[WhiteTitle "GM"]
[BlackTitle "FM"]
[WhiteElo "2604"]
[BlackElo "2400"]
[WhiteFideId "4157800"]
[BlackFideId "24100110"]
[EventDate "2015.12.18"]
[EventType "swiss (blitz)"]

1. e4 c5 2. Nf3 Nc6 3. d4 cxd4 4. Nxd4 e6 5. Nc3 a6 6. g3 Nge7 7. Nde2 h5 8. h4
Ng6 9. Bg2 Be7 10. f4 Bc5 11. Qd3 Qb6 12. a3 Bf2+ 13. Kf1 Qa7 14. Bf3 Bc5 15. b4
Be7 16. Be3 Qb8 17. Kg2 b5 18. e5 Bb7 19. Be4 Ncxe5 20. fxe5 Nxe5 21. Qd4 d5 22.
Bf4 Bd6 23. Rhd1 O-O 24. Kf1 Ng4 25. Bxd6 Qxd6 26. Bg2 Rac8 27. Kg1 Rc4 28. Qa7
Rc7 29. Bf3 Rxc3 30. Nxc3 Qxg3+ 31. Bg2 Qxc3 32. Qd4 Qg3 33. Rd3 Qh2+ 34. Kf1 e5
35. Qb6 e4 36. Rh3 Qf4+ 37. Kg1 Bc8 38. Rf1 Qd2 39. c3 e3 40. Qd4 Qxd4 41. cxd4
Be6 42. Bf3 Nf2 43. Rg3 Bg4 44. Bxd5 e2 45. Re1 Nh3+ 46. Kh2 Nf4 47. Bf3 Nd3 48.
Rxe2 Nf4 49. Re4 Bxf3 50. Rxf3 Ne6 51. d5 Nc7 52. Re5 Rd8 53. Rc3 Rd7 54. Rxh5
f6 55. Rf5 Kf7 56. Rc5 Kg6 57. Rf3 Ne8 58. Rg3+ Kf7 59. Rd3 Nd6 60. Rc6 Nf5 61.
Kh3 Kg6 62. Rxa6 Kh5 63. Ra8 g5 64. Rh8+ Kg6 65. hxg5 fxg5 66. Kg4 Nh6+ 67. Kf3
Nf7 68. Rg8+ Kh7 69. Re8 Kg6 70. Re6+ Kf5 71. Ke3 Ne5 72. Rd1 Nc4+ 73. Kd4 Nxa3
74. Rf1+ Kg4 75. Re4+ Kh5 76. Kc5 Nc4 77. Re6 Na3 78. d6 Nc4 79. Rd1 g4 80. Re7
Rd8 81. d7 Nb2 82. Rd5+ Kh4 83. Re8 1-0

[Event "European Blitz 2015"]
[Site "Minsk BLR"]
[Date "2015.12.18"]
[Round "16.9"]
[White "Romanov, Evgeny"]
[Black "Belous, Vladimir"]
[Result "1/2-1/2"]
[WhiteTitle "GM"]
[BlackTitle "GM"]
[WhiteElo "2590"]
[BlackElo "2557"]
[WhiteFideId "4148843"]
[BlackFideId "4174003"]
[EventDate "2015.12.18"]
[EventType "swiss (blitz)"]

1. d4 Nf6 2. Nf3 g6 3. Bg5 Bg7 4. Nbd2 O-O 5. e4 d6 6. Be2 Nbd7 7. e5 dxe5 8.
dxe5 Nd5 9. e6 fxe6 10. c3 Nf4 11. O-O Nxe2+ 12. Qxe2 Nf6 13. Rad1 Qd5 14. Nc4
Qb5 15. Bh4 Nd5 16. Nd4 Qa6 17. Bg3 Bd7 18. Rfe1 Rad8 19. h3 Kh8 20. Be5 c5 21.
Bxg7+ Kxg7 22. Nb3 b6 23. Qe5+ Nf6 24. Ne3 Qxa2 25. Nc1 Qxb2 26. Nd3 Qb5 27. Nf4
Qc6 28. Qg5 Bc8 29. Ng4 Rxd1 30. Rxd1 Nxg4 31. hxg4 Qc7 32. g3 e5 33. Nd5 Qd6
34. Ne3 Qf6 1/2-1/2

[Event "European Blitz 2015"]
[Site "Minsk BLR"]
[Date "2015.12.18"]
[Round "16.10"]
[White "Roiz, Michael"]
[Black "Shtembuliak, Evgeny"]
[Result "1-0"]
[WhiteTitle "GM"]
[BlackTitle "FM"]
[WhiteElo "2594"]
[BlackElo "2420"]
[WhiteFideId "2804158"]
[BlackFideId "14113325"]
[EventDate "2015.12.18"]
[EventType "swiss (blitz)"]

1. d4 Nf6 2. c4 d6 3. Nf3 g6 4. Nc3 Bf5 5. g3 Bg7 6. Bg2 O-O 7. O-O Nc6 8. Ne1
a5 9. e4 Bg4 10. f3 Bd7 11. Be3 e5 12. Nc2 exd4 13. Nxd4 a4 14. Nxc6 Bxc6 15.
Rc1 Re8 16. Qd2 Bd7 17. Rfd1 Be6 18. b3 axb3 19. axb3 c6 20. Qxd6 Qxd6 21. Rxd6
Ra3 22. Rb1 Ng4 23. Bc5 Ra5 24. Bb4 Raa8 25. fxg4 c5 26. Bxc5 Bxc3 27. Rd3 Be5
28. Bd6 Bxd6 29. Rxd6 Bxg4 30. Rb2 Ra1+ 31. Kf2 Re7 32. b4 Rc1 33. c5 Bd7 34. e5
Bf5 35. Rb6 Bc8 36. Rd2 Kg7 37. c6 bxc6 38. Rxc6 Rxc6 39. Bxc6 Rxe5 40. b5 Rc5
41. Ke3 Be6 42. Kd4 Rc4+ 43. Ke5 Rc1 44. Kd6 Rb1 45. Kc7 Bc4 46. b6 Ba6 47. Ra2
Bc8 48. Ra8 1-0

[Event "European Blitz 2015"]
[Site "Minsk BLR"]
[Date "2015.12.18"]
[Round "16.11"]
[White "Rozum, Ivan"]
[Black "Smirin, Ilia"]
[Result "1-0"]
[WhiteTitle "GM"]
[BlackTitle "GM"]
[WhiteElo "2559"]
[BlackElo "2658"]
[WhiteFideId "24104272"]
[BlackFideId "2801990"]
[EventDate "2015.12.18"]
[EventType "swiss (blitz)"]

1. d4 Nf6 2. c4 g6 3. g3 Bg7 4. Bg2 O-O 5. Nc3 d6 6. Nf3 Nc6 7. O-O Bf5 8. b3 e5
9. dxe5 dxe5 10. Ba3 Re8 11. Rc1 e4 12. Ne1 e3 13. f4 Nd4 14. Nf3 Nc2 15. Bb2
Ng4 16. Nh4 Nd4 17. Nxf5 gxf5 18. Nd5 Nf2 19. Qe1 c6 20. Nb4 h5 21. Bxd4 Bxd4
22. Nc2 Bb6 23. Qc3 Qd2 24. Qf6 Re6 25. Qg5+ Rg6 26. Qxh5 Kg7 27. b4 Rh8 28.
Qxf5 Qxe2 29. c5 Rh5 30. Nd4 Rxf5 31. Nxe2 Bc7 32. Rc3 Rh5 33. Rxe3 Ng4 34. Re7
Bd8 35. Rd7 Bf6 36. h3 Ne3 37. Rf3 Nd5 38. g4 Rh4 39. b5 Nb4 40. Rxb7 cxb5 41.
Rxb5 Nc6 42. Rd3 Be7 43. f5 Rgh6 44. Nf4 Ne5 45. Rd5 Nc6 46. Nh5+ Kf8 47. Rd7
Ne5 48. Rb8+ 1-0

[Event "European Blitz 2015"]
[Site "Minsk BLR"]
[Date "2015.12.18"]
[Round "16.13"]
[White "Johannessen, Leif Erlend"]
[Black "Guseinov, Gadir"]
[Result "0-1"]
[WhiteTitle "GM"]
[BlackTitle "GM"]
[WhiteElo "2487"]
[BlackElo "2646"]
[WhiteFideId "1501674"]
[BlackFideId "13401378"]
[EventDate "2015.12.18"]
[EventType "swiss (blitz)"]

1. d4 Nf6 2. c4 g6 3. Nc3 Bg7 4. e4 d6 5. f4 O-O 6. Nf3 e5 7. fxe5 dxe5 8. d5
Na6 9. Bd3 c6 10. O-O Nh5 11. Kh1 Bd7 12. Be3 Qe7 13. Qd2 Nc5 14. Bc2 Na6 15. a3
b6 16. b4 Rad8 17. Qf2 c5 18. Nb5 cxb4 19. axb4 Bxb5 20. cxb5 Nxb4 21. Bb1 Nf4
22. Qd2 f5 23. d6 Qxd6 24. Qxd6 Rxd6 25. Rxa7 Nbd3 26. Rb7 fxe4 27. Ba2+ Kh8 28.
Ng5 Rdf6 29. Nxe4 Rf5 30. Rxb6 Nb4 31. Bb1 Nfd5 32. Rxf5 gxf5 33. Ng5 Nxe3 0-1

[Event "European Blitz 2015"]
[Site "Minsk BLR"]
[Date "2015.12.18"]
[Round "16.14"]
[White "Tukhaev, Adam"]
[Black "Ragger, Markus"]
[Result "0-1"]
[WhiteTitle "GM"]
[BlackTitle "GM"]
[WhiteElo "2564"]
[BlackElo "2687"]
[WhiteFideId "14109476"]
[BlackFideId "1610856"]
[EventDate "2015.12.18"]
[EventType "swiss (blitz)"]

1. e4 e5 2. Nf3 Nc6 3. Bb5 a6 4. Ba4 Nf6 5. d3 d6 6. O-O b5 7. Bb3 Na5 8. Nc3
Be7 9. Ne2 O-O 10. Ng3 Re8 11. Bd2 Nxb3 12. axb3 Bf8 13. Re1 h6 14. h3 g6 15.
Qc1 Kh7 16. Bc3 Bg7 17. d4 exd4 18. Nxd4 Bb7 19. Qf4 c5 20. Nf3 b4 21. Bd2 Qd7
22. Qh4 Qd8 23. Bg5 Kg8 24. Bxh6 Nxe4 25. Bg5 Nxg5 26. Nxg5 Qf6 27. Rad1 Bc6 28.
Nf1 Rxe1 29. Rxe1 Re8 30. Rxe8+ Bxe8 31. Ne3 Bc6 32. Nc4 Qe7 33. Qg3 d5 34. Ne3
d4 35. Nc4 Bb5 36. Qb8+ Qe8 37. Qg3 Bxc4 38. bxc4 Qe1+ 39. Kh2 Be5 40. f4 Qxg3+
41. Kxg3 d3 42. cxd3 Bxb2 43. Ne4 Bd4 0-1

[Event "European Blitz 2015"]
[Site "Minsk BLR"]
[Date "2015.12.18"]
[Round "16.15"]
[White "Popov, Ivan RUS"]
[Black "Kryakvin, Dmitry"]
[Result "1-0"]
[WhiteTitle "GM"]
[BlackTitle "GM"]
[WhiteElo "2650"]
[BlackElo "2529"]
[WhiteFideId "4170350"]
[BlackFideId "4153278"]
[EventDate "2015.12.18"]
[EventType "swiss (blitz)"]

1. e4 c5 2. Nf3 Nc6 3. Bb5 d6 4. O-O Bd7 5. Re1 Nf6 6. c3 a6 7. Bf1 Bg4 8. d4
cxd4 9. cxd4 e5 10. d5 Nd4 11. Be3 Nxf3+ 12. gxf3 Bh5 13. Nd2 Be7 14. Qb3 b5 15.
a4 O-O 16. axb5 axb5 17. Rec1 Nd7 18. Rxa8 Qxa8 19. Qxb5 Qd8 20. Bh3 Nf6 21. Rc8
Qxc8 22. Bxc8 Rxc8 23. Qb7 Rc1+ 24. Nf1 1-0

[Event "European Blitz 2015"]
[Site "Minsk BLR"]
[Date "2015.12.18"]
[Round "16.16"]
[White "Popov, Mikhail"]
[Black "Chigaev, Maksim"]
[Result "0-1"]
[WhiteTitle "FM"]
[BlackTitle "IM"]
[WhiteElo "2280"]
[BlackElo "2526"]
[WhiteFideId "4146182"]
[BlackFideId "4108116"]
[EventDate "2015.12.18"]
[EventType "swiss (blitz)"]

1. c4 g6 2. g3 Bg7 3. Bg2 c5 4. Nc3 Nc6 5. Nf3 e6 6. d4 cxd4 7. Nb5 d5 8. cxd5
exd5 9. Nbxd4 Nge7 10. O-O O-O 11. Be3 Re8 12. Rc1 Nf5 13. Nxc6 bxc6 14. Bg5 Qb6
15. b3 Ba6 16. Re1 h6 17. Bd2 Rad8 18. e3 c5 19. Qc2 c4 20. bxc4 dxc4 21. Bc3
Nxe3 22. Rxe3 Rxe3 23. Bxg7 Rxf3 24. Ba1 Rfd3 25. Bc3 Bb7 26. Bxb7 Qxb7 27. a4
Qe4 28. Re1 Qf3 29. Bb2 Rd1 30. Qc3 Qxc3 31. Bxc3 Rxe1+ 32. Bxe1 Rd1 33. Kf1 c3 0-1

[Event "European Blitz 2015"]
[Site "Minsk BLR"]
[Date "2015.12.18"]
[Round "16.17"]
[White "Popov, Valerij"]
[Black "Ladva, Ottomar"]
[Result "1-0"]
[WhiteTitle "GM"]
[BlackTitle "IM"]
[WhiteElo "2528"]
[BlackElo "2401"]
[WhiteFideId "4119410"]
[BlackFideId "4500024"]
[EventDate "2015.12.18"]
[EventType "swiss (blitz)"]

1. Nf3 Nf6 2. c4 e6 3. Nc3 d5 4. d4 c5 5. cxd5 Nxd5 6. e3 Nc6 7. Bb5 Bd7 8. Nxd5
exd5 9. O-O a6 10. Bxc6 bxc6 11. b3 Bd6 12. Ba3 Qe7 13. Bxc5 Bxc5 14. dxc5 Qxc5
15. Rc1 Qa5 16. Qd4 O-O 17. Ne5 Be8 18. Rc2 f6 19. Nxc6 Bxc6 20. Rxc6 Qxa2 21.
Qxd5+ Kh8 22. g3 a5 23. Qb5 a4 24. bxa4 Qxa4 25. Qc5 Qa7 26. Qf5 Qb7 27. Rc4
Rac8 28. Rh4 h6 29. Rd4 Rc7 30. h4 Rfc8 31. Qd3 Qc6 32. Rd8+ Rxd8 33. Qxd8+ Kh7
34. Qd3+ Kh8 35. Ra1 Rd7 36. Qg6 Qd5 37. Rc1 Rd8 38. Rc7 Rg8 39. e4 Qd1+ 40. Kg2
Qd6 41. Rf7 Qe6 42. Kg1 Qd6 43. Kg2 Qe6 44. g4 Qe5 45. Qf5 Qxf5 46. gxf5 Ra8 47.
Kg3 Ra3+ 48. Kg4 Ra1 49. Rb7 Rg1+ 50. Kh3 Rh1+ 51. Kg3 Rg1+ 52. Kf3 Rh1 53. Kg4
Rg1+ 54. Kh5 Kh7 55. Re7 Rg2 56. f4 Rf2 57. Kg4 Rg2+ 58. Kf3 Rh2 59. Kg3 Ra2 60.
e5 fxe5 61. fxe5 Ra3+ 62. Kg4 Kg8 63. Rb7 Ra4+ 64. Kh5 Rf4 65. Rb8+ Kh7 66. Rf8
Re4 67. e6 Re5 68. Kg4 g6 69. Rf7+ Kg8 70. Kf4 Re1 71. Rf6 gxf5 72. Kxf5 Kg7 73.
Rf7+ Kg8 74. Ra7 Kf8 75. Rh7 Rf1+ 76. Kg6 Re1 77. Kf5 Rf1+ 78. Kg4 Re1 79. Rxh6
Kg7 80. Kg5 Re5+ 81. Kf4 Re1 82. Rh5 1-0